00358nam a2200133 a 45000010010000000030011000100080041000210350026000620820015000881000020001032450037001232600053001606500011002130000-8604ELIB.Books110520 2002  a(ELIB.Books)0000-8750 aB.Th bGil aGilson Dee, Saw aThe Whole year program for youth bInsein: Karen Baptist Theolgical Seminary c2002 aThesis